Az egyes harcos kiképzése

Elmentve itt :
Bibliográfiai részletek
Szerző: Ficzkó Győző
Dokumentumtípus: Cikk
Megjelent: 1950
Sorozat:Honvéd : katonai folyóirat 5 No. 10
Kulcsszavak:Hadtudomány
Online Access:http://misc.bibl.u-szeged.hu/14641
LEADER 00554nab a2200169 i 4500
001 misc14641
005 20191106141732.0
008 170607s1950 hu o 0|| hun d
040 |a SZTE Miscellanea Repozitórium  |b hun 
041 |a hun 
100 1 |a Ficzkó Győző 
245 1 3 |a Az egyes harcos kiképzése  |h [elektronikus dokumentum] /  |c  Ficzkó Győző 
260 |c 1950 
300 |a 28-33 
490 0 |a Honvéd : katonai folyóirat  |v 5 No. 10 
695 |a Hadtudomány 
856 4 0 |u http://misc.bibl.u-szeged.hu/14641/1/honved_005_010_028-033.pdf  |z Dokumentum-elérés